Catálogo
 En Linea

Epidemias y pleito insular : (Registro nro. 41129)

Detalles MARC
000 -CABECERA
campo de control de longitud fija 00840nam a2200205 a 4500
001 - NÚMERO DE CONTROL
campo de control 000041639
005 - FECHA Y HORA DE LA ÚLTIMA TRANSACCIÓN
campo de control 20201002035659.0
008 - DATOS DE LONGITUD FIJA--INFORMACIÓN GENERAL
campo de control de longitud fija 131014s2002 sp 000 0 spa d
020 ## - NÚMERO INTERNACIONAL ESTÁNDAR DEL LIBRO
Número Internacional Estándar del Libro 8400080440
040 ## - FUENTE DE LA CATALOGACIÓN
Centro catalogador/agencia de origen DO-SdBNP
Lengua de catalogación spa
Centro/agencia transcriptor BNPHU
082 ## - NÚMERO DE LA CLASIFICACIÓN DECIMAL DEWEY
Número de clasificación xxx
Número de documento/Ítem B562e
100 1# - ENTRADA PRINCIPAL--NOMBRE DE PERSONA
Nombre de persona Betancor Gómez, María José
9 (RLIN) 68428
245 10 - MENCIÓN DE TÍTULO
Título Epidemias y pleito insular :
Resto del título la fiebre amarilla en Las Palmas de Gran Canaria en el período isabelino /
Mención de responsabilidad, etc. María José Betancor Gómez.
260 ## - PUBLICACIÓN, DISTRIBUCIÓN, ETC.
Lugar de publicación, distribución, etc. Madrid :
Nombre del editor, distribuidor, etc. Ediciones del Cabildo de Gran Canaria, Consejo Superior de Investigaciones Científicas,
Fecha de publicación, distribución, etc. 2002.
300 ## - DESCRIPCIÓN FÍSICA
Extensión ix, 226 p. ;
Dimensiones 21 cm.
490 1# - MENCIÓN DE SERIE
Mención de serie Estudios sobre la ciencia
Designación de volumen o secuencia 29
500 ## - NOTA GENERAL
Nota general Incluye referencias bibliográficas y notas al pie de las páginas.
504 ## - NOTA DE BIBLIOGRAFÍA, ETC.
Nota de bibliografía, etc. Bibliografía: p. 215-226
830 #0 - PUNTO DE ACCESO ADICIONAL DE SERIE-TÍTULO UNIFORME
Título uniforme Estudios sobre la ciencia
Número de parte o sección de la obra 29
9 (RLIN) 68429
Existencias
Estado de retiro Estado de pérdida Restricciones de uso No para préstamo Código de colección Localización permanente Ubicación/localización actual Ubicación en estantería Fecha de adquisición Número de inventario Total de préstamos Signatura topográfica completa Código de barras Fecha visto por última vez Precio válido a partir de Tipo de ítem Koha
      Excluido de préstamo Monografías: Libros y Folletos General General En catalogación 14.10.2013 LF1   xxx B562e 41639-10 25.06.2020 25.06.2020 No se presta

Con tecnología Koha